Statistiques concernant Pays les plus proches de Tuvalu

Cliquez ici pour prendre le quiz!

Statistiques générales

  • Ce quiz a été pris 78 fois
  • Le résultat moyen est 14 sur 20

Statistiques - réponses

kmpays% Correct
2946Nouvelle-Zélande
99%
3199Australie
97%
3409Micronésie
88%
893Samoa
88%
3883Indonésie
83%
2226Papouasie-
Nouvelle-Guinée
83%
749Tonga
83%
1303Vanuatu
83%
1160Nauru
81%
318Fidji
79%
1364Salomon
79%
1399Îles Marshall
77%
343Kiribati
75%
5679Philippines
74%
4827Palaos
71%
6427Malaisie
69%
4002Etats-Unis
57%
1604Îles Cook
30%
1460Niue
23%
5393Timor-Leste
22%

Distribution des résultats

Percentile par nombre de réponses

% des personnes avec chaque résultat

Votre développement - résultats

Vous n’avez pas pris ce quiz